000 00499nam a2200193Ia 4500
003 OSt
005 20260213121313.0
008 210210b1934 xxu||||| |||| 00| 0 eng d
040 _cAL
041 _aKannada
082 _a851/414
100 _aVINAYAKA
_dವಿನಾಯಕ
_9254708
245 _aKalopasaka
_bಕಲೋಪಾಸಕ
260 _aDharavada
_bSahitya Prakashana
_c1934
650 _aKalopasaka
_9254709
690 _aKannada Poetry
_9254710
906 _a018431
942 _2ddc
_cBK
999 _c141881
_d141881